Tribhuvan University Central Library

झरेका पातहरुःनिबन्ध सङ्ग्रह (Record no. 121720)

MARC details
000 -LEADER
fixed length control field 00718nam a2200181 4500
008 - FIXED-LENGTH DATA ELEMENTS--GENERAL INFORMATION
fixed length control field 250415b |||||||| |||| 00| 0 eng d
020 ## - INTERNATIONAL STANDARD BOOK NUMBER
International Standard Book Number 9789937166898
041 ## - LANGUAGE CODE
Language code of text/sound track or separate title Nep
082 ## - DEWEY DECIMAL CLASSIFICATION NUMBER
Edition number 23rd
Classification number N891.4954/N735j
100 ## - MAIN ENTRY--PERSONAL NAME
Personal name नेपाली,पिताम्बर
241 ## - ROMANIZED TITLE (BK AM CF MP MU VM)
Romanized title Jhareka patharu:nibandha/Pitamber Nepali
245 ## - TITLE STATEMENT
Title झरेका पातहरुःनिबन्ध सङ्ग्रह
Statement of responsibility, etc. /पिताम्बर नेपाली
260 ## - PUBLICATION, DISTRIBUTION, ETC.
Place of publication, distribution, etc. पोखराः
Name of publisher, distributor, etc. पृथ्वीराज,
Date of publication, distribution, etc. २०८१वि.सं.
300 ## - PHYSICAL DESCRIPTION
Extent १११पृ.
650 ## - SUBJECT ADDED ENTRY--TOPICAL TERM
Topical term or geographic name entry element नेपाली साहित्य
650 ## - SUBJECT ADDED ENTRY--TOPICAL TERM
Topical term or geographic name entry element नेपाली निबन्ध
942 ## - ADDED ENTRY ELEMENTS (KOHA)
Source of classification or shelving scheme Dewey Decimal Classification
Koha item type ISBN
Holdings
Withdrawn status Lost status Source of classification or shelving scheme Damaged status Not for loan Home library Current library Date acquired Total Checkouts Full call number Barcode Date last seen Price effective from Koha item type
    Dewey Decimal Classification     Tribhuvan University Central Library Tribhuvan University Central Library 04/15/2025   N891.4954/N735j IS32887 04/15/2025 04/15/2025 ISBN
    Dewey Decimal Classification     Tribhuvan University Central Library Tribhuvan University Central Library 04/15/2025   N891.4954/N735j IS32888 04/15/2025 04/15/2025 ISBN